000
00306nam a2200133Ia 4500
005
20251222144842.0
008
251222s9999||||xx |||||||||||||| ||spa||
020
_a
84-7050-168-2
082
_a
840/G91
100
_a
Guitton,Jean
245
0
_a
Silencio sobre lo Esencial
264
_b
Edicep
942
_c
LIB
999
_c
21276
_d
21276